Top 10 Joueurs de tennis allemands ATP depuis 1990 - Statistiques

Statistiques générales
  • Ce quiz a été pris 44 fois
  • Le résultat moyen est 4 sur 11
Statistiques - réponses
Points Jetpunk Joueur % Correct
281 Alexandre ZVEREV
95%
271 Boris BECKER
90%
128 Tommy HAAS
46%
158 Michael STICH
38%
51 Philipp KOHLSCHREIBER
31%
65 Nicolas KIEFER
18%
51 Rainer SCHUTTLER
18%
23 Florian MAYER
8%
14 David PRINOSIL
5%
14 Bernd KARBACHER
3%
15 Carl Uwe STEEB
0%
Aucun quiz correspondant
Distribution des résultats
% des personnes avec chaque résultat
Percentile par nombre de réponses
Votre historique - résultats
Vous n’avez pas pris ce quiz